Map of Catalonia - Statistics

General Stats
  • This quiz has been taken 222 times
  • The average score is 32 of 42
Answers on the Map
Answers color-coded by a green-red scale on the quiz's map according to % correct below.
 
Answer Stats
Zona Capital Comarca % Correct
Litoral Barcelona Barcelonès
93%
Litoral Tarragona Tarragonès
89%
Litoral Figueres Alt Empordà
88%
Interior Girona Gironès
88%
Litoral la Bisbal Baix Empordà
87%
Muntanya Puigcerdà Cerdanya
86%
Litoral Mataró Maresme
85%
Interior Valls Alt Camp
84%
Muntanya Vielha Vall d'Aran
84%
Muntanya Tremp Pallars Jussà
83%
Interior Terrassa Vallès Occidental
83%
Interior Granollers Vallès Oriental
83%
Litoral Sant Feliu de Llobregat Baix Llobregat
82%
Muntanya Sort Pallars Sobirà
82%
Muntanya Ripoll Ripollès
82%
Litoral Vilanova i la Geltrú Garraf
81%
Interior Vic Osona
81%
Litoral Santa Coloma de Farners Selva
81%
Litoral Reus Baix Camp
79%
Muntanya Olot Garrotxa
79%
Interior Tàrrega Urgell
79%
Interior Balaguer Noguera
78%
Muntanya Seu d'Urgell Alt Urgell
76%
Interior Vilafranca Alt Penedès
75%
Litoral Tortosa Baix Ebre
75%
Litoral el Vendrell Baix Penedès
75%
Interior Lleida Segrià
75%
Muntanya Berga Berguedà
74%
Interior Moià Moianès
74%
Litoral Amposta Montsià
74%
Interior Banyoles Pla de l'Estany
74%
Muntanya Pont de Suert Alta Ribagorça
73%
Interior Igualada Anoia
73%
Interior Falset Priorat
72%
Interior Gandesa Terra Alta
72%
Interior Solsona Solsonès
71%
Interior Manresa Bages
69%
Interior Cervera Segarra
64%
Interior Montblanc Conca de Barberà
63%
Interior Mollerussa Pla d'Urgell
61%
Interior Les Borges Blanques Garrigues
60%
Interior Móra d'Ebre Ribera d'Ebre
59%
No matching quizzes found
Score Distribution
Percent of People with Each Score
Percentile by Number Answered
Your Score History
You have not taken this quiz